000 00810cab a2200253 4500
001 ABS53380
008 090401t1995 xxu||||| |||| 00| 0 eng d
035 _a(Sirsi) u3831
041 _aeng
100 _aGraham, R.
245 _aUnderground theat of cable
260 _c1995
350 _a0
490 _aSurveyor
_v182(5353) 17 August 1995, 20-21(2)
520 _aDiscusses who is liable for damage to property caused by interference with the roots of street trees by underground cable contractors.
650 _aBUILT ENVIRONMENT-BUILDING ELEMENTS-COMPLETE BUILDING ELEMENTS-FOUNDATIONS
650 _aLOCAL AUTHORITIES
650 _aSUBSIDENCE
650 _aTREE ROOTS
650 _aUNDERGROUND CABLE
690 _aBUILT ENVIRONMENT-BUILDING INSPECTION
942 _n0
948 _c04/03/1997
999 _c2322
_d2322